000 00576nam a22001817a 4500
005 20251108172713.0
008 250721s2002 xx 000 0 ara d
082 1 4 _a346.01/غيث
100 1 _aغيث، عزت
_eمؤلف
245 1 0 _aقانون أصول المحاكمات الشرعية /
264 1 _aعمان :
_bدار قنديل للنشر والتوزيع،
_c2002.
300 _a60ص.
650 1 7 _aالشريعة الإسلامية
650 1 7 _aإجراءات المحاكم
650 1 7 _aالمحاكم الشرعية
942 _2ddc
_cBK
999 _c86357
_d86357